Music Quiz

Random Music or The Beatles Quiz

A Beatles Lyric Letter Quiz Stats

 Plays Quiz Updated Mar 23, 2015

Challenge
Share
Tweet
Score 0/20 Timer 08:00
17 Plays Today
% Correct
                      Eleanor Rigby                   
81.5%
                    Lucy In The Sky With Diamonds                   
78.5%
                              Hey Jude                             
77.4%
        All You Need Is Love       
73.5%
                                  Let It Be                                   
58.7%
                  Ticket To Ride                 
58.2%
                  Yellow Submarine                 
54.4%
                                We Can Work It Out                             
45.4%
                      With A Little Help From My Friends                     
43.9%
                    Strawberry Fields Forever                   
43.5%
% Correct
        Paperback Writer       
41.9%
Ob-La-Di, Ob-La-Da
41.8%
                            Day Tripper                         
41.1%
                                Penny Lane                                 
37.5%
              I Am The Walrus             
37.3%
            I Want To Hold Your Hand           
37%
            Here Comes The Sun           
36.2%
                        Twist And Shout                       
34.9%
                          While My Guitar Gently Weeps                         
30.2%
              Sgt. Pepper's Lonely Hearts Club Band             
22.4%

You're not logged in!

Compare scores with friends on all Sporcle quizzes.
Join for Free
OR
Log In

You Might Also Like...

Show Comments

Extras

Top Quizzes Today


Score Distribution

Your Account Isn't Verified!

In order to create a playlist on Sporcle, you need to verify the email address you used during registration. Go to your Sporcle Settings to finish the process.

Report this User

Report this user for behavior that violates our Community Guidelines.

Details: